000 01054nam a2200289 i 4500
001 bg
003 BPK
005 20200124075302.0
008 323232s2001 pl f |000 0 pol
015 _aPB 2001/13051
020 _a8388296817
040 _aWA N
_cBPK
041 0 _apol
080 _a347.72(438)
245 0 0 _aKomentarz do kodeksu spółek handlowych :
_bspółki osobowe /
_cpod redakcją Radosława Potrzeszcza i Tomasza Siemiątkowskiego ; [aut. Jerzy Paweł Naworski et al.].
250 _aStan prawny na dzień 1 czerwca 2001 r.
260 _aWarszawa :
_bWydaw. Prawnicze,
_c2001.
300 _a392, [3] s. ;
_c21 cm.
504 _aBibliogr.
650 4 _aSpółki osobowe
_xprawo
_zPolska.
700 1 _aNaworski, Jerzy Paweł
700 1 _aSiemiątkowski, Tomasz.
_eRed.
700 1 _aPotrzeszcz, Radosław.
_eRed.
710 2 _aWydawnictwo Prawnicze
_4pbl.
856 _uhttp://koha.tu.koszalin.pl/cgi-bin/koha/opac-detail.pl?biblionumber=39900
_yKatalog online BPK
942 _2UKD
_cKS
999 _c39900
_d39900